| 000 | 00382 a2200169 4500 | ||
|---|---|---|---|
| 001 | 184116 | ||
| 020 | _a85-06-02239-8 | ||
| 040 | _cMagnum | ||
| 100 | _aVilela, Antonio Carlos | ||
| 240 | 1 | 0 |
_aSexo! não é tudo na vida _lpor |
| 245 | 1 | 0 | _aSexo! não é tudo na vida |
| 300 | _a136 | ||
| 362 | 0 | _a2000 | |
| 440 | 1 | _aMelhoramentos | |
| 697 | _aLITERATURA GERAL | ||
| 942 | _cBK | ||
| 999 |
_c184116 _d184116 |
||